000 00712nam a22002297a 4500
999 _c1219
_d1219
005 20221205151639.0
008 211129b ||||| |||| 00| 0 eng d
020 _a9781382005944
040 _cKH8
082 _a530 POP
100 _aPople, Stephen
_eauthor
245 _aCambridge IGCSE & O level complete physics. Student book /
_cStephen Pople; Anna Harris
250 _a4th ed.
260 _aOxford :
_bOxford University Press,
_c2020.
300 _a1 volume :
_bcolor illustrations.
_c27 cm.
500 _aIncludes index.
650 _aPhysics
_vExaminations
_xStudy guides.
650 _aPhysics
_vExaminations.
700 _aHarris, Anna
710 _aOxford University Press
942 _2ddc
_cTR